| 000 | 00723nam a22002057a 4500 | ||
|---|---|---|---|
| 005 | 20260616112311.0 | ||
| 010 | _aENG-148859 | ||
| 020 |
_c400.00 _a9788119664894 |
||
| 035 | _aEN-132391 | ||
| 037 | _bDBAD | ||
| 082 |
_a956.94 _21 |
||
| 100 |
_aParackal, Manoj Thomas _989401 |
||
| 245 |
_aRemember and do not Forget/ _cManoj Thomas Parackal |
||
| 250 | _a1 | ||
| 260 |
_bATC Publishers _aBengaluru _c2024 |
||
| 270 |
_aSt's Mary Block, Archdiocesan,Pastoral Center,#5, Nandidurga Road,Benson Town _bBengaluru _e560046 _k+918025491999 _k7090100444 _minfo@atcpublishers.com |
||
| 300 |
_a275p. _c22cm(pb) |
||
| 500 | _aGod's Command to Israel in the Book of Deuteroomy | ||
| 942 |
_2ddc _cEN _h956.94 _mPAR |
||
| 999 |
_c216680 _d216680 |
||